Sửa chữa phục hồi các thiết bị và nội thất gia đình

Gardado en:
Detalles Bibliográficos
Autor Principal: Lê Ngọc Cương
Formato: Libro
Idioma:Vietnamese
Publicado: Giao thông vận tải 2006
Những chủ đề:
Các nhãn: Engadir etiqueta
Sen Etiquetas, Sexa o primeiro en etiquetar este rexistro!
Thư viện lưu trữ: Mạng thư viện Đại học Đà Nẵng
LEADER 01039nam a2200313 a 4500
001 000003470
003 03177
005 20171229145311.0
008 171229s2006 vie
040 |a LSK 
041 0 |a VIE 
082 0 |a 690.24  |b LÊ-C 
100 1 |a Lê Ngọc Cương 
245 0 0 |a Sửa chữa phục hồi các thiết bị và nội thất gia đình 
260 |b Giao thông vận tải  |c 2006 
300 |a 297 pages  |c 20,5 cm. 
653 |a Thiết bị gia đình - Sữa chữa và phục hồi 
852 |a Phòng Đọc 
901 |a 1 
927 |a Sách tham khảo 
OWN |a LSK 
AVA |a UDN50  |b LSK  |d 690.24 LÊ-C  |e available  |t Error 5001 Not defined in file expand_doc_bib_avail.  |f 1  |g 0  |h N  |i 0  |k 1 
999 |a From the UDN01 
AVA |a UDN50  |b LSK  |d 690.24 LÊ-C  |e available  |t Error 5001 Not defined in file expand_doc_bib_avail.  |f 1  |g 0  |h N  |i 0  |k 1 
TYP |a Monograph 
TYP |a Printed language 
980 |a Mạng thư viện Đại học Đà Nẵng